[Event "Madrid 2023-2024ch - Semifinal"]
[Site "Madrid ESP"]
[Date "2024.05.06"]
[Round "1.1"]
[White "Horcajuelo Rocamora, Martin"]
[Black "Arevillca Colque, Jonatan"]
[Result "1-0"]
[WhiteElo "2242"]
[BlackElo "1912"]
[PlyCount "79"]
[EventDate "2024.05.06"]
[EventRounds "7"]
[SourceTitle "AjedrezenMadrid"]
[Source "lmi"]
[SourceDate "2024.05.06"]
[SourceVersion "1"]
[SourceVersionDate "2024.05.12"]
[SourceQuality "1"]

1. d4 d5 2. c4 e6 3. Nf3 Nf6 4. Nc3 Be7 5. Bg5 Nbd7 6. e3 h6 7. Bh4 O-O 8. Qc2
b6 9. cxd5 exd5 10. Bd3 Bb7 11. Bg3 a6 12. h3 Re8 13. O-O Bf8 14. Bh4 Bd6 15.
Rae1 c5 16. Bh7+ Kh8 17. Bf5 Qc7 18. Bxd7 Qxd7 19. Na4 Qc7 20. Bxf6 gxf6 21.
Qf5 Kg7 22. Nh4 Re4 23. Qh5 Bc8 24. Nc3 Re8 25. Nxd5 Qc6 26. Nf5+ Bxf5 27. Qxf5
Re6 28. Nf4 Bxf4 29. d5 Re5 30. Qg4+ Rg5 31. dxc6 Rxg4 32. hxg4 Be5 33. f4 Bxb2
34. Rb1 Bc3 35. Rxb6 Ba5 36. Rb3 c4 37. Ra3 Bb6 38. Rc1 Re8 39. Rxc4 Bxe3+ 40.
Rxe3 1-0

[Event "Madrid 2023-2024ch - Semifinal"]
[Site "Madrid ESP"]
[Date "2024.05.06"]
[Round "1.2"]
[White "Sanchez Rodriguez, Jaime"]
[Black "De La Puerta Cresis, Javier"]
[Result "0-1"]
[WhiteElo "1903"]
[BlackElo "2233"]
[PlyCount "102"]
[EventDate "2024.05.06"]
[EventRounds "7"]
[SourceTitle "AjedrezenMadrid"]
[Source "lmi"]
[SourceDate "2024.05.06"]
[SourceVersion "1"]
[SourceVersionDate "2024.05.12"]
[SourceQuality "1"]

1. d4 Nf6 2. Bg5 d5 3. e3 c5 4. dxc5 e6 5. b4 a5 6. c3 Be7 7. Nd2 b6 8. Bb5+
Kf8 9. c6 Qc7 10. Qa4 Ra7 11. Ngf3 e5 12. O-O axb4 13. Qc2 Nxc6 14. Rfc1 Nd8
15. cxb4 Qxc2 16. Rxc2 Bf5 17. Rb2 Bd6 18. a4 Ke7 19. Nh4 Be6 20. e4 h6 21.
Bxf6+ Kxf6 22. exd5 Bxd5 23. Nc4 Bxc4 24. Bxc4 e4 25. g3 Be5 26. Rba2 Bxa1 27.
Rxa1 Nc6 28. b5 Ne5 29. Bd5 g5 30. Ng2 Nf3+ 31. Kf1 Nxh2+ 32. Ke2 Ke5 33. Bc6
Nf3 34. Ke3 f5 35. Rd1 Rxa4 36. Rd5+ Ke6 37. Rd7 Ra3+ 38. Ke2 Ra2+ 39. Ke3 Ne5
40. Rd4 Nxc6 41. bxc6 Rc2 42. g4 Rc3+ 43. Kd2 Rd3+ 44. Rxd3 exd3 45. Kxd3 fxg4
46. Kc4 Kd6 47. Kb5 Rc8 48. Ne3 Rxc6 49. Nf5+ Ke5 50. Ne3 Re6 51. Nxg4+ Kf4 0-1

[Event "Madrid 2023-2024ch - Semifinal"]
[Site "Madrid ESP"]
[Date "2024.05.06"]
[Round "1.3"]
[White "Torres Rebolledo, Victor"]
[Black "Lozano Argueso, Cesar"]
[Result "1-0"]
[WhiteElo "2214"]
[BlackElo "1897"]
[PlyCount "85"]
[EventDate "2024.05.06"]
[EventRounds "7"]
[SourceTitle "AjedrezenMadrid"]
[Source "lmi"]
[SourceDate "2024.05.06"]
[SourceVersion "1"]
[SourceVersionDate "2024.05.12"]
[SourceQuality "1"]

1. c4 Nf6 2. Nc3 g6 3. e4 d6 4. d4 Bg7 5. Be2 O-O 6. Be3 e5 7. d5 Na6 8. h4 Nc5
9. Qc2 c6 10. h5 cxd5 11. cxd5 Qa5 12. h6 Bh8 13. f3 Nh5 14. a3 Ng3 15. Rh2
Nxe2 16. Ngxe2 Qa6 17. Rd1 Bd7 18. g4 Bf6 19. Nc1 Rfc8 20. Qd2 Na4 21. N1a2 Qa5
22. Bg5 Qd8 23. Bxf6 Qxf6 24. Qe3 Nc5 25. b4 Nb3 26. g5 Qd8 27. Rb2 Nd4 28.
Rxd4 exd4 29. Qxd4 f6 30. gxf6 Kf7 31. f4 Qxf6 32. e5 Qh4+ 33. Rf2 Qxh6 34. e6+
Ke7 35. Ne4 Rf8 36. exd7 Kxd7 37. Ng5 Rae8+ 38. Ne6 Re7 39. Kd2 Rc8 40. Qxa7
Ke8 41. Nc3 Qh1 42. Qd4 Kd7 43. Qb6 1-0

[Event "Madrid 2023-2024ch - Semifinal"]
[Site "Madrid ESP"]
[Date "2024.05.06"]
[Round "1.4"]
[White "Pashov, Spas Nikolov"]
[Black "Garcia Dorado, Alberto"]
[Result "0-1"]
[WhiteElo "1893"]
[BlackElo "2199"]
[PlyCount "68"]
[EventDate "2024.05.06"]
[EventRounds "7"]
[SourceTitle "AjedrezenMadrid"]
[Source "lmi"]
[SourceDate "2024.05.06"]
[SourceVersion "1"]
[SourceVersionDate "2024.05.12"]
[SourceQuality "1"]

1. e4 c6 2. d4 d5 3. exd5 cxd5 4. c4 Nf6 5. Nc3 Nc6 6. Bg5 Be6 7. Nf3 g6 8. c5
Ne4 9. Bb5 a6 10. Bxc6+ bxc6 11. Qa4 Nxg5 12. Nxg5 Bd7 13. Nf3 f6 14. O-O Bg7
15. Rfe1 O-O 16. h3 Re8 17. Re2 e5 18. Rae1 e4 19. Nh2 f5 20. f3 Qf6 21. Rd1
Qf7 22. Rf1 Qf6 23. Rd1 Re7 24. Kh1 Kh8 25. g3 f4 26. g4 e3 27. Nf1 h5 28. Rh2
Bh6 29. Qc2 Bg5 30. Qg2 Bh4 31. Ne2 Rb8 32. b3 a5 33. Nc3 Rb4 34. Ne2 g5 0-1

[Event "Madrid 2023-2024ch - Semifinal"]
[Site "Madrid ESP"]
[Date "2024.05.06"]
[Round "1.5"]
[White "Martinez Fernandez, Raul"]
[Black "Toledo Aguirre, Gonzalo"]
[Result "1-0"]
[WhiteElo "2181"]
[BlackElo "1889"]
[PlyCount "57"]
[EventDate "2024.05.06"]
[EventRounds "7"]
[SourceTitle "AjedrezenMadrid"]
[Source "lmi"]
[SourceDate "2024.05.06"]
[SourceVersion "1"]
[SourceVersionDate "2024.05.12"]
[SourceQuality "1"]

1. e4 e6 2. d4 d5 3. Nc3 Bb4 4. e5 c5 5. a3 Bxc3+ 6. bxc3 Ne7 7. h4 Nbc6 8. h5
h6 9. Qg4 Qc7 10. Qxg7 Rg8 11. Qxh6 cxd4 12. Kd1 Bd7 13. cxd4 Nxd4 14. Qd2 Ndc6
15. Nf3 O-O-O 16. Qf4 d4 17. Bc4 Na5 18. Bd3 Qc3 19. Rb1 Bc6 20. Qxf7 Rxg2 21.
Ke2 Qc5 22. Bd2 Nd5 23. Qxe6+ Kb8 24. Qh3 Rdg8 25. h6 R2g6 26. Bxg6 Rxg6 27. h7
Nc3+ 28. Bxc3 Qxc3 29. h8=Q+ 1-0

[Event "Madrid 2023-2024ch - Semifinal"]
[Site "Madrid ESP"]
[Date "2024.05.06"]
[Round "1.6"]
[White "Cardena Contreras, Javier"]
[Black "Torres Boch, Jose Francisco"]
[Result "0-1"]
[WhiteElo "1885"]
[BlackElo "2126"]
[PlyCount "86"]
[EventDate "2024.05.06"]
[EventRounds "7"]
[SourceTitle "AjedrezenMadrid"]
[Source "lmi"]
[SourceDate "2024.05.06"]
[SourceVersion "1"]
[SourceVersionDate "2024.05.12"]
[SourceQuality "1"]

1. e4 c5 2. Nc3 a6 3. g3 b5 4. Bg2 Bb7 5. Nge2 e6 6. O-O Be7 7. Re1 h5 8. h3 d6
9. d4 cxd4 10. Nxd4 Nd7 11. a4 b4 12. Na2 Qb6 13. c3 a5 14. Nb5 bxc3 15. Naxc3
Ngf6 16. Be3 Nc5 17. e5 dxe5 18. Bxb7 Rd8 19. Qf3 Qxb7 20. Qxb7 Nxb7 21. Bg5
Nd7 22. Nc7+ Kf8 23. Be3 Bb4 24. Red1 Ke7 25. N7b5 Ndc5 26. Rxd8 Rxd8 27. Na2
Bd2 28. Bxc5+ Nxc5 29. Na7 Kd7 30. Rd1 Kc7 31. Nb5+ Kb6 32. Nbc3 Rd4 33. Ne2
Rd5 34. b3 Bb4 35. Rb1 f5 36. Nec3 Rd3 37. Nb5 Rxb3 38. Rd1 Nxa4 39. Nd6 Nc3
40. Nxc3 Bxc3 41. Nc4+ Kc5 42. Nd6 a4 43. Rc1 Kxd6 0-1

[Event "Madrid 2023-2024ch - Semifinal"]
[Site "Madrid ESP"]
[Date "2024.05.06"]
[Round "1.7"]
[White "Torres Rebolledo, Alvaro"]
[Black "Jafar Hussain, Yaser"]
[Result "1/2-1/2"]
[WhiteElo "2100"]
[BlackElo "1885"]
[PlyCount "136"]
[EventDate "2024.05.06"]
[EventRounds "7"]
[SourceTitle "AjedrezenMadrid"]
[Source "lmi"]
[SourceDate "2024.05.06"]
[SourceVersion "1"]
[SourceVersionDate "2024.05.12"]
[SourceQuality "1"]

1. e4 e5 2. Nf3 Nc6 3. Bc4 Nf6 4. d3 h6 5. Nc3 d6 6. a4 g6 7. h3 Bg7 8. Be3 O-O
9. O-O Na5 10. Ba2 c5 11. Nd2 b6 12. Nc4 Nc6 13. f4 exf4 14. Bxf4 d5 15. exd5
Nxd5 16. Bd6 Nxc3 17. bxc3 Ne7 18. Be5 Be6 19. Bxg7 Kxg7 20. Qe2 Qc7 21. Nd2
Bxa2 22. Rxa2 Nd5 23. Qf3 Rad8 24. Raa1 Qe5 25. c4 Qe3+ 26. Qf2 Qxf2+ 27. Rxf2
Nb4 28. Nf3 Rfe8 29. a5 Re7 30. Rd2 Rd6 31. Ra4 Nc6 32. axb6 axb6 33. Kf2 Nd4
34. Nxd4 Rxd4 35. Re2 Rxe2+ 36. Kxe2 Kf6 37. Ra6 Rd6 38. c3 Ke5 39. Ke3 f5 40.
d4+ cxd4+ 41. cxd4+ Rxd4 42. Rxb6 Re4+ 43. Kf3 g5 44. Rb5+ Ke6 45. c5 Rf4+ 46.
Ke3 Kd5 47. Rb6 Re4+ 48. Kf3 g4+ 49. hxg4 fxg4+ 50. Kg3 Kxc5 51. Rxh6 Kd5 52.
Rf6 Re2 53. Rf8 Kd6 54. Rf6+ Ke7 55. Rf4 Ke6 56. Rf1 Rd2 57. Rf8 Rc2 58. Rf4
Rd2 59. Rxg4 Kf7 60. Ra4 Kg6 61. Kh3 Rd5 62. Kh4 Rh5+ 63. Kg3 Rg5+ 64. Rg4 Kf5
65. Rxg5+ Kxg5 66. Kf3 Kf5 67. g4+ Kg5 68. Kg3 Kg6 1/2-1/2

[Event "Madrid 2023-2024ch - Semifinal"]
[Site "Madrid ESP"]
[Date "2024.05.06"]
[Round "1.8"]
[White "Pavon Mestras, Luis"]
[Black "Rodriguez Melendez, Juan Humbert"]
[Result "0-1"]
[WhiteElo "1885"]
[BlackElo "2073"]
[PlyCount "123"]
[EventDate "2024.05.06"]
[EventRounds "7"]
[SourceTitle "AjedrezenMadrid"]
[Source "lmi"]
[SourceDate "2024.05.06"]
[SourceVersion "1"]
[SourceVersionDate "2024.05.12"]
[SourceQuality "1"]

1. d4 Nf6 2. c4 g6 3. Nc3 Bg7 4. e4 d6 5. f3 O-O 6. Bg5 c5 7. d5 e6 8. Bd3 exd5
9. Nxd5 Be6 10. Ne2 Nbd7 11. Nec3 Re8 12. O-O Nb6 13. Qd2 a6 14. Qf4 Bxd5 15.
exd5 Nh5 16. Qh4 Bd4+ 17. Kh1 f6 18. Bd2 Be3 19. Bxe3 Rxe3 20. Rad1 f5 21. Qf2
Qe7 22. Ne4 Rxd3 23. Rxd3 fxe4 24. Re3 Nf6 25. b3 Nbd7 26. Qh4 Rf8 27. Rxe4 Qg7
28. Re6 g5 29. Qe1 Ne5 30. Rxd6 Nh5 31. Re6 Nd3 32. Qe3 Nhf4 33. Re7 Qb2 34.
Qg1 b5 35. h4 gxh4 36. g3 Ne2 37. Qe3 Nxg3+ 38. Kg1 Qh2+ 39. Kxh2 Nxf1+ 40. Kh3
Nxe3 41. Rxe3 Nf4+ 42. Kh2 Rf6 43. Re8+ Kf7 44. Rc8 Nd3 45. Rc7+ Kg6 46. Rc6
Kf5 47. d6 Ne5 48. Rxc5 bxc4 49. d7 Rd6 50. bxc4 Rxd7 51. Ra5 Rd3 52. c5 Rc3
53. Kh3 Nxf3 54. Rxa6 Ke4 55. Ra4+ Nd4+ 56. Kxh4 Kd5 57. Ra5 Ne6 58. Ra6 Nxc5
59. Kg4 Kd4 60. Rh6 Ne4 61. Ra6 Nd2 62. Ra5 0-1

[Event "Madrid 2023-2024ch - Semifinal"]
[Site "Madrid ESP"]
[Date "2024.05.06"]
[Round "1.9"]
[White "Vioque Gonzalez, Nicolas"]
[Black "Moya Barba, Diego"]
[Result "1-0"]
[WhiteElo "2045"]
[BlackElo "1881"]
[PlyCount "87"]
[EventDate "2024.05.06"]
[EventRounds "7"]
[SourceTitle "AjedrezenMadrid"]
[Source "lmi"]
[SourceDate "2024.05.06"]
[SourceVersion "1"]
[SourceVersionDate "2024.05.12"]
[SourceQuality "1"]

1. d4 d5 2. Nc3 c5 3. e4 dxe4 4. d5 Nf6 5. Bg5 g6 6. Qe2 Bg7 7. O-O-O O-O 8.
Nxe4 Nbd7 9. d6 Re8 10. dxe7 Qxe7 11. Nxf6+ Bxf6 12. Bxf6 Nxf6 13. Qxe7 Rxe7
14. Rd8+ Re8 15. Rxe8+ Nxe8 16. Be2 Be6 17. Bf3 Nd6 18. Ne2 g5 19. Rd1 Rd8 20.
g3 Kf8 21. Nc3 Rd7 22. b3 Kg7 23. Na4 b6 24. Bc6 Rd8 25. Nc3 f6 26. Nb5 Nf7 27.
Nxa7 Rxd1+ 28. Kxd1 Ne5 29. Bb7 Ng4 30. f3 Nxh2 31. Ke2 g4 32. f4 Bf5 33. c3
Bb1 34. a3 Ba2 35. Bd5 h5 36. Kf2 Kg6 37. a4 Nf3 38. Bxf3 gxf3 39. Nc8 c4 40.
b4 Kf5 41. a5 bxa5 42. bxa5 Bb1 43. a6 Be4 44. Nd6+ 1-0

[Event "Madrid 2023-2024ch - Semifinal"]
[Site "Madrid ESP"]
[Date "2024.05.06"]
[Round "1.10"]
[White "Ortega Sanchez Montanez, Marcos"]
[Black "Rios Rebollo, Victor"]
[Result "1/2-1/2"]
[WhiteElo "1879"]
[BlackElo "2039"]
[PlyCount "93"]
[EventDate "2024.05.06"]
[EventRounds "7"]
[SourceTitle "AjedrezenMadrid"]
[Source "lmi"]
[SourceDate "2024.05.06"]
[SourceVersion "1"]
[SourceVersionDate "2024.05.12"]
[SourceQuality "1"]

1. d4 d5 2. c4 e6 3. Nf3 Nf6 4. g3 Be7 5. Bg2 O-O 6. O-O dxc4 7. Qc2 a6 8. a4
Bd7 9. Qxc4 Bc6 10. Bf4 a5 11. Nc3 Na6 12. Rac1 Bd5 13. Nxd5 exd5 14. Qb5 Qc8
15. Qxa5 c6 16. Qd2 Ne4 17. Qd1 g5 18. Be3 f6 19. Nd2 Qe6 20. Qb3 Nd6 21. Rfe1
Bd8 22. f3 Ba5 23. Red1 Rf7 24. Nf1 Nc4 25. Bd2 Nxd2 26. Nxd2 Qxe2 27. Bf1 Qe6
28. Kf2 f5 29. Qd3 Nb4 30. Qe2 Re8 31. Nb3 Qxe2+ 32. Bxe2 Bb6 33. Rd2 Rfe7 34.
Re1 Re3 35. Nc5 Bxc5 36. dxc5 Kg7 37. Ra1 d4 38. Bf1 R8e7 39. Rad1 Rd7 40. Rxd4
Rxd4 41. Rxd4 Rb3 42. Rd2 Na6 43. Bxa6 bxa6 44. Rd6 Rxb2+ 45. Kg1 Ra2 46. Rxc6
Rxa4 47. Rc8 1/2-1/2

[Event "Madrid 2023-2024ch - Semifinal"]
[Site "Madrid ESP"]
[Date "2024.05.06"]
[Round "1.12"]
[White "Calderon Rojo, Borja"]
[Black "Bravo De La Vega, Alvaro"]
[Result "0-1"]
[WhiteElo "1876"]
[BlackElo "2027"]
[PlyCount "72"]
[EventDate "2024.05.06"]
[EventRounds "7"]
[SourceTitle "AjedrezenMadrid"]
[Source "lmi"]
[SourceDate "2024.05.06"]
[SourceVersion "1"]
[SourceVersionDate "2024.05.12"]
[SourceQuality "1"]

1. Nf3 Nf6 2. c4 e6 3. e3 b6 4. g3 Bb7 5. Bg2 c5 6. O-O Be7 7. d4 cxd4 8. Nxd4
Bxg2 9. Kxg2 O-O 10. Nc3 Qc7 11. Qe2 a6 12. e4 d6 13. Be3 Nbd7 14. Rac1 Rac8
15. b3 Rfe8 16. Qd2 Bf8 17. Rfd1 h6 18. f3 Qb7 19. Nde2 b5 20. cxb5 axb5 21. a4
bxa4 22. bxa4 d5 23. exd5 Ne5 24. Qd4 Bc5 25. Qf4 Nc4 26. Qxc4 Bxe3 27. Rb1
Rxc4 28. Rxb7 exd5 29. a5 d4 30. Nb5 Rc2 31. Kf1 Ra2 32. a6 d3 33. Rxd3 Rxa6
34. Kg2 Ra2 35. Nbc3 Rd2 36. Rxd2 Bxd2 0-1

[Event "Madrid 2023-2024ch - Semifinal"]
[Site "Madrid ESP"]
[Date "2024.05.06"]
[Round "1.13"]
[White "Perez Diez, Victor"]
[Black "De Vicente Guijarro, Juan"]
[Result "1-0"]
[WhiteElo "2012"]
[BlackElo "1872"]
[PlyCount "37"]
[EventDate "2024.05.06"]
[EventRounds "7"]
[SourceTitle "AjedrezenMadrid"]
[Source "lmi"]
[SourceDate "2024.05.06"]
[SourceVersion "1"]
[SourceVersionDate "2024.05.12"]
[SourceQuality "1"]

1. e4 e5 2. Bc4 Nf6 3. d3 c6 4. Nf3 d5 5. Bb3 Bd6 6. Nc3 dxe4 7. Ng5 O-O 8.
Ngxe4 Bf5 9. Qf3 Bxe4 10. Nxe4 Nxe4 11. dxe4 Nd7 12. c3 Qf6 13. Qxf6 Nxf6 14.
f3 Nd7 15. Be3 Bc5 16. Bg5 Bb6 17. O-O-O Nc5 18. Bc4 Kh8 19. Be7 1-0

[Event "Madrid 2023-2024ch - Semifinal"]
[Site "Madrid ESP"]
[Date "2024.05.06"]
[Round "1.14"]
[White "Bocancea, Cristian Andrei"]
[Black "Moreno Lopez, Avelino"]
[Result "0-1"]
[WhiteElo "1858"]
[BlackElo "2001"]
[PlyCount "102"]
[EventDate "2024.05.06"]
[EventRounds "7"]
[SourceTitle "AjedrezenMadrid"]
[Source "lmi"]
[SourceDate "2024.05.06"]
[SourceVersion "1"]
[SourceVersionDate "2024.05.12"]
[SourceQuality "1"]

1. d4 d5 2. c4 e6 3. Nc3 Nf6 4. cxd5 exd5 5. Bg5 Be7 6. e3 c6 7. Qc2 O-O 8. Bd3
h6 9. Bh4 Re8 10. Nge2 Ne4 11. Bxe7 Qxe7 12. O-O Nd7 13. Rab1 Ndf6 14. b4 a6
15. a4 Qd6 16. b5 axb5 17. axb5 Ng4 18. Ng3 Nxg3 19. hxg3 h5 20. Bh7+ Kf8 21.
Bf5 Bxf5 22. Qxf5 g6 23. Qf4 Qa3 24. Rfc1 Re6 25. Nd1 Qd3 26. bxc6 bxc6 27.
Rb8+ Rxb8 28. Qxb8+ Kg7 29. Qb2 Rf6 30. Qc2 Qa3 31. Qc5 Qa2 32. Qc2 Qa5 33. Qc3
Qc7 34. Qc5 h4 35. Qxd5 hxg3 36. f3 Qb8 37. Qe4 Qh8 38. Qxg4 Qh2+ 39. Kf1 Qh1+
40. Ke2 Qxg2+ 41. Kd3 Qf1+ 42. Kd2 g2 43. Nc3 Rxf3 44. Ne2 Rf2 45. Re1 f5 46.
Qg5 Kf7 47. Qh6 Rxe2+ 48. Rxe2 g1=Q 49. Qh7+ Kf6 50. Qh8+ Kg5 51. Qd8+ Kg4 0-1

[Event "Madrid 2023-2024ch - Semifinal"]
[Site "Madrid ESP"]
[Date "2024.05.06"]
[Round "1.15"]
[White "Gutierrez Diaz, Pablo"]
[Black "Vukotic Jovsic, Dragan"]
[Result "1-0"]
[WhiteElo "1994"]
[BlackElo "1849"]
[PlyCount "59"]
[EventDate "2024.05.06"]
[EventRounds "7"]
[SourceTitle "AjedrezenMadrid"]
[Source "lmi"]
[SourceDate "2024.05.06"]
[SourceVersion "1"]
[SourceVersionDate "2024.05.12"]
[SourceQuality "1"]

1. e4 c5 2. Nf3 d6 3. d4 cxd4 4. Nxd4 Nf6 5. Nc3 g6 6. Be3 Bg7 7. f3 O-O 8. Bc4
Nc6 9. Qd2 Bd7 10. h4 Rc8 11. Bb3 Ne5 12. h5 Nc4 13. Bxc4 Rxc4 14. hxg6 fxg6
15. O-O-O Qa5 16. Kb1 Rfc8 17. g4 Rxc3 18. bxc3 Bxg4 19. Nb3 Qb5 20. e5 dxe5
21. fxg4 Ne4 22. Qd7 Nxc3+ 23. Ka1 Qc4 24. Bc5 Rf8 25. Qd3 Qxd3 26. Rxd3 e4 27.
Rd7 e3 28. Bxe3 b6 29. Rxe7 Nd5+ 30. Rxg7+ 1-0

[Event "Madrid 2023-2024ch - Semifinal"]
[Site "Madrid ESP"]
[Date "2024.05.06"]
[Round "1.16"]
[White "Godoy Herrera, Carlos"]
[Black "Blazquez Sanz, Oscar"]
[Result "0-1"]
[WhiteElo "1834"]
[BlackElo "1965"]
[PlyCount "136"]
[EventDate "2024.05.06"]
[EventRounds "7"]
[SourceTitle "AjedrezenMadrid"]
[Source "lmi"]
[SourceDate "2024.05.06"]
[SourceVersion "1"]
[SourceVersionDate "2024.05.12"]
[SourceQuality "1"]

1. d4 Nf6 2. Bf4 d5 3. e3 c5 4. c3 Nc6 5. Bd3 e6 6. Nf3 Bd6 7. Bg3 O-O 8. Ne5
Qc7 9. f4 cxd4 10. exd4 Ne4 11. Nd2 f6 12. Nxc6 bxc6 13. Nxe4 dxe4 14. Bxe4
Bxf4 15. Qf3 e5 16. Bxf4 exf4 17. O-O g5 18. Bxc6 Rb8 19. b3 Kg7 20. Rae1 Qd6
21. Qe4 Rf7 22. c4 Qa3 23. Bd5 Rc7 24. Qe8 Qf8 25. Qxf8+ Kxf8 26. Re2 Bg4 27.
Bf3 Bf5 28. Rfe1 Bd3 29. Re6 f5 30. Bd5 g4 31. Kf2 a5 32. Rf6+ Kg7 33. Ra6 h5
34. Ree6 Kf8 35. Rf6+ Kg7 36. Rg6+ Kh8 37. Rh6+ Rh7 38. Rxh7+ Kxh7 39. Be6 h4
40. Rxa5 g3+ 41. hxg3 fxg3+ 42. Kf3 Kg6 43. Kf4 Rd8 44. Bd5 Rd7 45. Rb5 Rd6 46.
a4 Kg7 47. a5 Rg6 48. Bf3 h3 49. gxh3 Be4 50. Re5 Bxf3 51. Kxf3 g2 52. Re1 g1=Q
53. Rxg1 Rxg1 54. b4 Kf6 55. a6 Ke7 56. b5 Kd7 57. c5 Ra1 58. h4 Ra5 59. Kf4
Rxb5 60. Kxf5 Ra5 61. Kf6 Rxa6+ 62. Kg7 Ra4 63. h5 Rxd4 64. h6 Ke7 65. h7 Rg4+
66. Kh6 Kf7 67. Kh5 Rg1 68. c6 Rh1+ 0-1

[Event "Madrid 2023-2024ch - Semifinal"]
[Site "Madrid ESP"]
[Date "2024.05.06"]
[Round "1.17"]
[White "Vazquez Gonzalez, Jesus"]
[Black "Urosa Sanchez, Pablo"]
[Result "1-0"]
[WhiteElo "1955"]
[BlackElo "1827"]
[PlyCount "91"]
[EventDate "2024.05.06"]
[EventRounds "7"]
[SourceTitle "AjedrezenMadrid"]
[Source "lmi"]
[SourceDate "2024.05.06"]
[SourceVersion "1"]
[SourceVersionDate "2024.05.12"]
[SourceQuality "1"]

1. e4 c6 2. Bd3 d5 3. e5 c5 4. c3 Nc6 5. f4 g6 6. Bc2 Bg7 7. Nf3 Bg4 8. h3 Bxf3
9. Qxf3 e6 10. O-O Nge7 11. Rd1 Rc8 12. a4 O-O 13. Na3 a6 14. Qf2 Nf5 15. g4
Nfe7 16. d4 cxd4 17. cxd4 Nb4 18. Bb1 Nec6 19. Bd2 Qb6 20. Bc3 Qd8 21. Qe1 Qe7
22. Nc2 Nxc2 23. Bxc2 Rc7 24. Bd3 f6 25. Qg3 fxe5 26. fxe5 Qd8 27. Rf1 Rcf7 28.
g5 Qb6 29. a5 Qd8 30. Rf6 Qd7 31. Qg4 Bxf6 32. gxf6 Kh8 33. Kh1 Rg8 34. Rg1 Qe8
35. Bd2 Rc7 36. Rf1 Nd8 37. Bh6 Nf7 38. Bg7+ Rxg7 39. fxg7+ Kxg7 40. h4 Nh6 41.
Qg5 Rf7 42. Rf6 Qe7 43. Bxg6 Rxf6 44. Bh5+ Kf8 45. exf6 Qc7 46. Qxh6+ 1-0

[Event "Madrid 2023-2024ch - Semifinal"]
[Site "Madrid ESP"]
[Date "2024.05.06"]
[Round "1.18"]
[White "Mansor Habash, Zouheir"]
[Black "Martin Martin, Luis Vicente"]
[Result "1-0"]
[WhiteElo "1818"]
[BlackElo "1953"]
[PlyCount "53"]
[EventDate "2024.05.06"]
[EventRounds "7"]
[SourceTitle "AjedrezenMadrid"]
[Source "lmi"]
[SourceDate "2024.05.06"]
[SourceVersion "1"]
[SourceVersionDate "2024.05.12"]
[SourceQuality "1"]

1. e4 e6 2. d4 d5 3. e5 c5 4. c3 Nc6 5. Nf3 Nh6 6. Bxh6 gxh6 7. Bb5 Bd7 8. Bxc6
bxc6 9. Qc1 cxd4 10. cxd4 c5 11. O-O Rc8 12. dxc5 Rxc5 13. Qe3 Qb6 14. Nc3 Qxb2
15. Ne2 Rc8 16. Ng3 Qc3 17. Qf4 Qb4 18. Qf6 Rg8 19. Rab1 Qg4 20. h3 Qg6 21. Qf4
Bc5 22. Kh2 Bb6 23. a4 Rc4 24. Qd2 Bxa4 25. Rb4 Rc2 26. Qd1 Rxf2 27. Qxa4+ 1-0

[Event "Madrid 2023-2024ch - Semifinal"]
[Site "Madrid ESP"]
[Date "2024.05.06"]
[Round "1.19"]
[White "Lopez de Turiso Sanchez, Jose An"]
[Black "Zhao, Yuyang"]
[Result "1/2-1/2"]
[WhiteElo "1943"]
[BlackElo "1809"]
[PlyCount "115"]
[EventDate "2024.05.06"]
[EventRounds "7"]
[SourceTitle "AjedrezenMadrid"]
[Source "lmi"]
[SourceDate "2024.05.06"]
[SourceVersion "1"]
[SourceVersionDate "2024.05.12"]
[SourceQuality "1"]

1. d4 d5 2. Nf3 Nf6 3. Bf4 e6 4. e3 Bd6 5. Nbd2 O-O 6. Bd3 Bxf4 7. exf4 c5 8.
c3 cxd4 9. Nxd4 b6 10. Qe2 Bb7 11. O-O-O Nc6 12. Nxc6 Bxc6 13. Rhg1 Qc7 14. g3
a5 15. Kb1 a4 16. a3 Nd7 17. Bc2 Ra5 18. Nf3 Bb5 19. Qe3 Bc4 20. Ne5 b5 21. g4
Ra6 22. Qh3 g6 23. Rde1 Nxe5 24. fxe5 f6 25. f4 fxe5 26. fxe5 Rf2 27. Qh6 Qg7
28. Qh4 Qf7 29. Qh6 Qf4 30. Qxf4 Rxf4 31. Rg2 Ra8 32. Kc1 Raf8 33. Reg1 Rf3 34.
Kd1 Re3 35. Re1 Rf1 36. Rxf1 Bxf1 37. Rf2 Bc4 38. Kd2 Rxe5 39. Bd3 Bxd3 40.
Kxd3 Re4 41. h3 h6 42. Rf6 Kg7 43. Rf1 g5 44. Rf2 Rf4 45. Rh2 e5 46. Ke3 Kf6
47. Rd2 Ke6 48. Rh2 Kd6 49. Kd3 Rf3+ 50. Kc2 e4 51. h4 gxh4 52. Rxh4 Rf2+ 53.
Kc1 e3 54. Rxh6+ Ke5 55. Rh8 Kf4 56. Re8 Rf1+ 57. Kc2 Rf2+ 58. Kc1 1/2-1/2

[Event "Madrid 2023-2024ch - Semifinal"]
[Site "Madrid ESP"]
[Date "2024.05.06"]
[Round "1.20"]
[White "Anton Ortiz, Carlos"]
[Black "Marin Aso, Jose Luis"]
[Result "1/2-1/2"]
[WhiteElo "1766"]
[BlackElo "1940"]
[PlyCount "54"]
[EventDate "2024.05.06"]
[EventRounds "7"]
[SourceTitle "AjedrezenMadrid"]
[Source "lmi"]
[SourceDate "2024.05.06"]
[SourceVersion "1"]
[SourceVersionDate "2024.05.12"]
[SourceQuality "1"]

1. d4 Nf6 2. c4 g6 3. Nf3 Bg7 4. g3 O-O 5. Bg2 d6 6. O-O c6 7. Nc3 Qa5 8. Qc2
Qh5 9. Bg5 h6 10. Bxf6 Bxf6 11. c5 dxc5 12. Ne4 Bg7 13. Nxc5 Nd7 14. Rfd1 Nxc5
15. dxc5 Qf5 16. Rd3 Qf6 17. Nd4 e5 18. Nb3 e4 19. Bxe4 Qxb2 20. Qd1 Be6 21.
Nd4 Rfd8 22. e3 Bd5 23. Bxd5 Rxd5 24. Rb3 Bxd4 25. Qxd4 Qxb3 26. axb3 Rxd4 27.
exd4 a6 1/2-1/2

[Event "Madrid 2023-2024ch - Semifinal"]
[Site "Madrid ESP"]
[Date "2024.05.06"]
[Round "1.21"]
[White "San Vicente Crespo, Pablo"]
[Black "Palomo Monserrat, Lorenzo"]
[Result "1-0"]
[WhiteElo "1926"]
[BlackElo "1740"]
[PlyCount "93"]
[EventDate "2024.05.06"]
[EventRounds "7"]
[SourceTitle "AjedrezenMadrid"]
[Source "lmi"]
[SourceDate "2024.05.06"]
[SourceVersion "1"]
[SourceVersionDate "2024.05.12"]
[SourceQuality "1"]

1. e4 c5 2. Nf3 d6 3. d4 cxd4 4. Nxd4 Nf6 5. Nc3 Nc6 6. Bg5 e6 7. Qd3 Bd7 8. f4
Nxd4 9. Qxd4 Be7 10. O-O-O O-O 11. Kb1 Bc6 12. Be2 Qa5 13. Rhg1 d5 14. e5 Bc5
15. Qd2 Nd7 16. Rgf1 d4 17. Ne4 Qxd2 18. Nxd2 d3 19. Bxd3 Bxg2 20. Rfe1 Bb6 21.
Be4 Bxe4 22. Nxe4 Nc5 23. Nd6 Bd8 24. Bxd8 Rfxd8 25. c3 Rd7 26. Kc2 a5 27. Nc4
b5 28. Rxd7 Nxd7 29. Rd1 Nf8 30. Nd6 Rb8 31. Rd4 Ng6 32. a4 b4 33. cxb4 Rxb4
34. Rxb4 axb4 35. a5 Nxf4 36. a6 Nd5 37. Kb3 Kf8 38. a7 Nc7 39. Kxb4 Ke7 40.
Kc5 Kd7 41. Kb6 f5 42. Nb5 Na8+ 43. Kb7 f4 44. Nd4 Nc7 45. Nf3 h6 46. h4 g6 47.
b4 1-0